000 00279nam a22001217a 4500
020 _a07-014671-3
082 _a629.25 CRO'A
100 _aCROUSE, WILLIAM H
_940261
245 _aAUTOMOTIVE ENGINE DESIGN
260 _aNEWYORK
_bMCGRAW HILL
_c1970
300 _a376P
942 _cBK
999 _c582412
_d582412